LEADER 01241nam 2200349 450 001 000016580 005 20050718115600.0 010 $a3-411-16111-6 100 $a20030916d1993----km-y0itay0103----ba 101 0 $aeng 102 $aDE 200 1 $aFinite fields$estructure and arithmetics$fby Dieter Jungnickel 210 $aMannheim [etc.]$cWissenschaftsverlag$dc1993 215 $a339 p.$cill.$d25 cm. 606 $aAlgebra 676 $a512.3$v(21. ed.)$9Algebra, teoria dei numeri. Corpi (campi) 691 $a12E20$9Field theory and polynomials. General field theory. Finite fields (field-theoretic aspects) 700 1$aJungnickel,$bDieter$054470 801 0$aIT$bUniversità della Basilicata - B.I.A.$gRICA$2unimarc 912 $a000016580 996 $aFinite fields$981816 997 $aUNIBAS BAS $aMONSCI BAS $aSCIENZE CAT $aEXT003$b01$c20030916$lBAS01$h1237 CAT $c20050601$lBAS01$h1755 CAT $abatch$b01$c20050718$lBAS01$h1053 CAT $c20050718$lBAS01$h1112 CAT $c20050718$lBAS01$h1142 CAT $c20050718$lBAS01$h1156 FMT Z30 -1$lBAS01$LBAS01$mBOOK$1BASA5$ADipartimento Matematica$2GEN$BCollezione generale$3MAT$63298$5M3298$820030916$f51$FRiservati LEADER 01389nam 2200325Ia 450 001 996389291503316 005 20200824132410.0 035 $a(CKB)4940000000095333 035 $a(EEBO)2264215154 035 $a(OCoLC)ocm7940464e 035 $a(OCoLC)7940464 035 $a(EXLCZ)994940000000095333 100 $a19811119d1675 uy | 101 0 $aeng 135 $aurbn||||a|bb| 200 14$aThe times of men are in the hand of God, or, A sermon occasioned by that awfull providence which happened in Boston in New England the 4th day of the 3d moneth [sic] 1675$b[electronic resource] $ewhen part of a vessel was blown up in the harbour ... wherein is shewed how we should sanctifie the dreadfull name of God under such awfull dispensations /$fby Increase Mather 210 $aBoston $cPrinted by John Foster$d1675 215 $a[4], 21 p 300 $aReproduction of original in the Huntington Library. 330 $aeebo-0113 606 $aSermons, American$y17th century 615 0$aSermons, American 700 $aMather$b Increase$f1639-1723.$0790750 801 0$bUMI 801 1$bUMI 801 2$bWaOLN 906 $aBOOK 912 $a996389291503316 996 $aThe times of men are in the hand of God, or, A sermon occasioned by that awfull providence which happened in Boston in New England the 4th day of the 3d moneth 1675$92371351 997 $aUNISA